000 00413nam a2200133Ia 4500
005 20260328101525.0
008 260328s9999||||xx |||||||||||||| ||und||
100 _aFarrelly, David
245 4 _aThe Book of bamboo :
_b A comprehensive Guide to this remarkable Plant, its uses, and its History /
_cDavid Farrelly
260 _bSierra Club Books
300 _a332 p.
650 _aDETALLES CONSTRUCTIVOS
942 _cBK
999 _c9745
_d9745